Proses dan kesan komunikasi massa / (Record no. 1352)

000 -LEADER
fixed length control field nam a22 a 4500
003 - CONTROL NUMBER IDENTIFIER
control field AKMAL
005 - DATE AND TIME OF LATEST TRANSACTION
control field 20170509113544.0
008 - FIXED-LENGTH DATA ELEMENTS--GENERAL INFORMATION
fixed length control field 170509s1992 my a00 may d
020 ## - INTERNATIONAL STANDARD BOOK NUMBER
International Standard Book Number 9836233121 (jil. 1: kkt.):
Terms of availability RM 30.00
020 ## - INTERNATIONAL STANDARD BOOK NUMBER
International Standard Book Number 9836233539 (jil. 2: kkt.):
Terms of availability RM 30.00
040 ## - CATALOGING SOURCE
Original cataloging agency AKMAL
082 04 - DEWEY DECIMAL CLASSIFICATION NUMBER
Classification number 302.23 PRO
090 ## - LOCALLY ASSIGNED LC-TYPE CALL NUMBER (OCLC); LOCAL CALL NUMBER (RLIN)
Classification number (OCLC) (R) ; Classification number, CALL (RLIN) (NR) 302.23
Local cutter number (OCLC) ; Book number/undivided call number, CALL (RLIN) PRO
245 ## - TITLE STATEMENT
Title Proses dan kesan komunikasi massa /
Statement of responsibility, etc. suntingan Wilbur Schramm, Donald F. Roberts ; penterjemah Othman Shariff, Siti Zaleha Hashim
260 ## - PUBLICATION, DISTRIBUTION, ETC.
Place of publication, distribution, etc. Kuala Lumpur :
Name of publisher, distributor, etc. Dewan Bahasa dan Pustaka,
Date of publication, distribution, etc. 1992
300 ## - PHYSICAL DESCRIPTION
Extent 2 jil. ;
Dimensions 22cm
500 ## - GENERAL NOTE
General note Terjemahan dari: The process and effects of mass communication. - rev. ed. Illinois : University of Illinois, 1971
504 ## - BIBLIOGRAPHY, ETC. NOTE
Bibliography, etc. note Mengandungi rujukan bibliografi dan indeks
521 ## - TARGET AUDIENCE NOTE
Target audience note Peringkat pembaca: Dewasa
650 ## - SUBJECT ADDED ENTRY--TOPICAL TERM
Topical term or geographic name entry element Mass media
9 (RLIN) 2649
700 1# - ADDED ENTRY--PERSONAL NAME
Personal name Schramm, Wilbur Lang,
Dates associated with a name 1907-
9 (RLIN) 2650
700 1# - ADDED ENTRY--PERSONAL NAME
Personal name Roberts, Donald F.
9 (RLIN) 2651
700 0# - ADDED ENTRY--PERSONAL NAME
Personal name Othman Shariff
9 (RLIN) 2652
700 0# - ADDED ENTRY--PERSONAL NAME
Personal name Siti Zaleha Hashim
9 (RLIN) 2653
942 ## - ADDED ENTRY ELEMENTS (KOHA)
Source of classification or shelving scheme
Koha item type Book
Holdings
Withdrawn status Lost status Source of classification or shelving scheme Damaged status Not for loan Collection code Home library Current library Shelving location Date acquired Inventory number Total Checkouts Full call number Barcode Date last seen Price effective from Koha item type
          NON-FICTION AKMAL Melaka AKMAL Melaka PINJAMAN 09.05.2017 304352   302.23 PRO 201702658 09.05.2017 09.05.2017 Book
Pusat Sumber Maklumat Dato' Haji Sarmin Md Hussin, Akademi Kastam Diraja Malaysia, Melaka
Tel: 06-2331106 | Faks: 06-2313787